Alloy of law (Record no. 169967)
[ view plain ]
| 000 -LEADER | |
|---|---|
| fixed length control field | 00509nam a2200205Ia 4500 |
| 003 - CONTROL NUMBER IDENTIFIER | |
| control field | OSt |
| 005 - DATE AND TIME OF LATEST TRANSACTION | |
| control field | 20230413160547.0 |
| 008 - FIXED-LENGTH DATA ELEMENTS--GENERAL INFORMATION | |
| fixed length control field | 210423s2011 xx 000 0 und d |
| 020 ## - INTERNATIONAL STANDARD BOOK NUMBER | |
| International Standard Book Number | 978-0-7653-3042-0 |
| 040 ## - CATALOGING SOURCE | |
| Transcribing agency | AL |
| 041 ## - LANGUAGE CODE | |
| Language code of text/sound track or separate title | eng |
| 082 ## - DEWEY DECIMAL CLASSIFICATION NUMBER | |
| Classification number | 813.6 |
| Edition number | 23 |
| Item number | SANA |
| 100 ## - MAIN ENTRY--PERSONAL NAME | |
| Personal name | SANDERSON (Brandon) |
| 9 (RLIN) | 88390 |
| 245 ## - TITLE STATEMENT | |
| Title | Alloy of law |
| 260 ## - PUBLICATION, DISTRIBUTION, ETC. | |
| Place of publication, distribution, etc. | New York |
| Name of publisher, distributor, etc. | Tom doherty assosiated book |
| Date of publication, distribution, etc. | 2011 |
| 300 ## - PHYSICAL DESCRIPTION | |
| Extent | 332 |
| Other physical details | HB |
| 650 ## - SUBJECT ADDED ENTRY--TOPICAL TERM | |
| Topical term or geographic name entry element | American Fiction |
| 9 (RLIN) | 88391 |
| 906 ## - LOCAL DATA ELEMENT F, LDF (RLIN) | |
| a | Alloy ; law |
| 942 ## - ADDED ENTRY ELEMENTS (KOHA) | |
| Source of classification or shelving scheme | Dewey Decimal Classification |
| Koha item type | Book |
| Withdrawn status | Lost status | Damaged status | Not for loan | Collection code | Home library | Current library | Date acquired | Total Checkouts | Full call number | Barcode | Date last seen | Price effective from | Koha item type |
|---|---|---|---|---|---|---|---|---|---|---|---|---|---|
| General | St Aloysius PG Library | St Aloysius PG Library | 03/25/2019 | 813.6 SANA | PG016469 | 08/24/2022 | 04/26/2021 | Book |